Sprachen im komplexen Gefüge der Kommunikation und Interaktion aus gegenwärtiger Sicht

Vedecký výskum jazykov z lingvistického hľadiska v 20. storočí. Teórie o jazyku, ktoré prispeli ku vzniku nových relevantných koncepcií a informácií o ich fungovaní a používaní.

Gespeichert in:
Bibliographische Detailangaben
1. Verfasser: Adamcová, Lívia
Format: Buchkapitel
Sprache:Deutsch
Schlagworte:
Tags: Tag hinzufügen
Keine Tags, Fügen Sie das erste Tag hinzu!

MARC

LEADER 00000nla$a2200000$$$4500
001 0119820
005 20240502072334.1
041 0 |a ger 
044 |a SK 
245 1 0 |a Sprachen im komplexen Gefüge der Kommunikation und Interaktion aus gegenwärtiger Sicht  |c Lívia Adamcová 
520 |a Vedecký výskum jazykov z lingvistického hľadiska v 20. storočí. Teórie o jazyku, ktoré prispeli ku vzniku nových relevantných koncepcií a informácií o ich fungovaní a používaní. 
610 2 0 |a jazyky cudzie 
610 2 0 |a nemčina 
610 2 0 |a komunikácia 
610 2 0 |a výskum 
610 2 0 |a jazykoveda 
100 1 |a Adamcová, Lívia